000 00212 a2200097 4500
001 13738
100 _aBullard, R
245 _aThe Camels Must Go
260 _aLondon
_bRupert Hart Davis
_c
090 _c10733
_d10733
942 _aNUST-CAE
_cM
_c818
999 _c248811
_d248811